| 000 | 00919nam a2200289Ia 4500 | ||
|---|---|---|---|
| 001 | 00174 | ||
| 003 | DO-SdBNP | ||
| 005 | 20180417083331.0 | ||
| 007 | 00174 | ||
| 008 | 140604s9999 dr2000 000 0 und d | ||
| 020 | _a9789993496489 | ||
| 040 |
_aBPMSU _bspa _cBPMSU |
||
| 092 | _a372.7 M534a 7mo. [20--?] | ||
| 100 | 1 | _aMena Mañón, Juan F. | |
| 245 |
_aAprendo matemática / _bJuan F. Mena Mañón, Juan Ramírez Rosario |
||
| 260 |
_aSanto Domingo : _bActualidad escolar 2000, _c2000 |
||
| 300 |
_a144 p. : _bil., _c28 cm. |
||
| 650 | 4 |
_aMATEMÁTICAS _xENSEÑANZA BÁSICA |
|
| 650 | 4 |
_aMATEMÁTICAS _xEDUCACIÓN PRIMARIA |
|
| 650 | 4 |
_aMATEMÁTICAS _xLIBROS DE TEXTOS |
|
| 650 | 4 |
_aMATEMÁTICAS _xESTUDIOS Y EJERCICIOS |
|
| 650 | 4 |
_aEDUCACIÓN PRIMARIA _zREPÚBLICA DOMINICANA |
|
| 700 | 1 | _aRamírez Rosario, Juan. | |
| 942 |
_2ddc _cBK |
||
| 945 | _ainventariado, 2018 / dg | ||
| 956 |
_aDgarcia _b10 |
||
| 999 |
_c9678 _d9678 |
||